| 000 | 00818cad a22002055a 4500 | ||
|---|---|---|---|
| 001 | L156409 | ||
| 008 | 120517e20120515xxk 000 0 eng d | ||
| 035 | _a(Sirsi) u156409 | ||
| 041 | 0 | _aeng | |
| 110 | 2 |
_aUnited Kingdom _bDepartment for Communities and Local Government _94939 |
|
| 245 | 0 | 0 |
_aRevamped Right to Buy to deliver thousands of new homes _h[electronic resource] |
| 260 | _c2012 | ||
| 490 |
_aDCLG News Release _v15 May 2012 |
||
| 520 | _aOutlines Government plans to build new affordable homes using cash generated from the Right to Buy Scheme relaunched in April 2012. | ||
| 590 | _aKA NTK | ||
| 651 | 4 |
_aEngland _y886- |
|
| 690 |
_aResidential property _96266 |
||
| 856 | 4 | 0 |
_uhttps://www.communities.gov.uk/news/corporate/2145328 _zView this item free of charge at www.communities.gov.uk |
| 942 | _n0 | ||
| 999 |
_c83996 _d83996 |
||